[Event "San Salvador zt"]
[Site "San Salvador ESA"]
[Date "1995.??.??"]
[Round "?"]
[White "Zapata, Alonso"]
[Black "Rohl Montes, Juan"]
[Result "1/2-1/2"]
[WhiteElo "2535"]
[BlackElo "2325"]
[PlyCount "186"]
[EventDate "1995.??.??"]
[Source "www.chesslib.no"]
[SourceDate "2004.05.04"]

1. e4 e5 2. Nf3 Nc6 3. Bb5 Nf6 4. O-O Nxe4 5. d4 Nd6 6. dxe5 Nxb5 7. a4 Nbd4 8. Nxd4 Nxd4 9. Qxd4 d5 10. exd6 Qxd6 11. Qe3+ Be6 12. Nc3 Qc5 13. Nb5 O-O-O 14. Nxa7+ Kb8 15. Nb5 Qxe3 16. Bxe3 c6 17. Bb6 Rd7 18. Nd4 Bd5 19. Rfd1 Kc8 20. a5 Bd6 21. Nf5 Bb8 22. Re1 Bc7 23. b3 g6 24. Nd4 f6 25. f3 Be5 26. Rad1 Bf7 27. c4 Re8 28. Nc2 g5 29. Rxd7 Kxd7 30. Rd1+ Ke6 31. Nd4+ Bxd4+ 32. Rxd4 Bg6 33. b4 Re7 34. Rd8 Rd7 35. Rb8 Bd3 36. a6 bxa6 37. Rc8 Bxc4 38. Rxc6+ Rd6 39. Rxc4 Rxb6 40. Kf2 Ke5 41. Ke3 Rd6 42. g3 Rb6 43. Kd3 Rd6+ 44. Kc3 Rb6 45. Rc5+ Kd6 46. Ra5 Rc6+ 47. Kb3 Kc7 48. g4 Kd6 49. h4 gxh4 50. Rh5 Rc1 51. Rxh4 Rf1 52. Rh3 Kc6 53. Kc4 Kd6 54. Kd3 Ke5 55. Ke3 Re1+ 56. Kf2 Rb1 57. Rxh7 Rxb4 58. Rh5+ Ke6 59. Ra5 Rb6 60. Kg3 Kf7 61. Kh4 Kg6 62. f4 Rc6 63. Rd5 Rb6 64. Rc5 Re6 65. Rc8 Rb6 66. f5+ Kg7 67. Kh5 Rb4 68. Ra8 Rb7 69. Rxa6 Rc7 70. Re6 Rd7 71. Kh4 Kf7 72. Kg3 Kg7 73. Kf4 Rd4+ 74. Re4 Rd7 75. Ke3 Kh6 76. Re8 Kg7 77. Ke4 Kf7 78. Rc8 Kg7 79. Rb8 Kf7 80. Ke3 Kg7 81. Kf4 Rd4+ 82. Kg3 Rd7 83. Kh4 Kf7 84. Kh5 Kg7 85. Rb6 Ra7 86. g5 fxg5 87. Kxg5 Rc7 88. Rg6+ Kf8 89. Rf6+ Kg7 90. Rg6+ Kf8 91. Kh6 Rc1 92. Rf6+ Kg8 93. Ra6 Kf7 1/2-1/2

[Event "Vladivostok op2"]
[Site "Vladivostok"]
[Date "1995.??.??"]
[Round "6"]
[White "Nevostrujev, Vladimir"]
[Black "Markov, Jurij"]
[Result "1/2-1/2"]
[WhiteElo "2410"]
[BlackElo "2450"]
[PlyCount "52"]
[EventDate "1995.??.??"]
[Source "ChessBase"]

1. e4 e5 2. Nf3 Nc6 3. Bb5 Nf6 4. O-O Nxe4 5. d4 Nd6 6. dxe5 Nxb5 7. a4 Nbd4 8. Nxd4 Nxd4 9. Qxd4 d5 10. exd6 Qxd6 11. Re1+ Be6 12. Qe4 Qb4 13. Qe2 Bd6 14. c3 Qh4 15. g3 Qe7 16. Na3 Bxa3 17. Rxa3 O-O 18. a5 Qd7 19. Qd1 Qc8 20. Ra4 Rd8 21. Rd4 Rxd4 22. Qxd4 b6 23. Bf4 Qb7 24. Qe4 c6 25. Be5 Rd8 26. Qh4 Re8 1/2-1/2

[Event "JUG Ch"]
[Site "Borovo"]
[Date "1981.??.??"]
[Round "16"]
[White "Ivanovic, Bozidar"]
[Black "Nikolic, Zivoslav"]
[Result "1-0"]
[WhiteElo "2490"]
[BlackElo "2365"]
[PlyCount "111"]
[EventDate "1981.03.??"]
[Source "www.chesslib.no"]
[SourceDate "2004.05.04"]

1. e4 e5 2. Nf3 Nc6 3. Bb5 Nf6 4. O-O Nxe4 5. d4 Nd6 6. dxe5 Nxb5 7. a4 Nd6 8. Bg5 f6 9. Re1 Be7 10. exd6 cxd6 11. Bf4 Ne5 12. Nd4 O-O 13. Nf5 Re8 14. Nc3 Bf8 15. Nxd6 Re6 16. Nf5 d5 17. Nxd5 Ng6 18. Nfe3 Nxf4 19. Nxf4 Qxd1 20. Rexd1 Rd6 21. Nfd5 Rc6 22. b4 Be6 23. b5 Rc5 24. Nf4 Bf7 25. Rd7 Rb8 26. Rb1 Rcc8 27. h4 Be8 28. Rd3 a6 29. c4 Bc5 30. Ned5 Bf7 31. h5 axb5 32. axb5 h6 33. Rg3 Kf8 34. Ng6+ Bxg6 35. hxg6 Re8 36. Rf3 Rbd8 37. g3 Re4 38. Rf4 Rxf4 39. gxf4 f5 40. Ra1 Ke8 41. Re1+ Kd7 42. Nf6+ Kc8 43. Nd5 Kd7 44. Kg2 Re8 45. Rxe8 Kxe8 46. Ne3 Ke7 47. Nxf5+ Kf6 48. Ng3 Kxg6 49. f5+ Kf7 50. Ne4 Bd4 51. c5 Be5 52. Kf3 Ke7 53. Kg4 Bd4 54. f3 Be5 55. Kh5 Kf7 56. Nd6+ 1-0

[Event "Lone Pine op"]
[Site "Lone Pine"]
[Date "1981.??.??"]
[Round "?"]
[White "Hjartarson, Johann"]
[Black "Bisguier, Arthur Bernard"]
[Result "1/2-1/2"]
[WhiteElo "2405"]
[BlackElo "2440"]
[PlyCount "34"]
[EventDate "1981.04.??"]
[Source "ChessBase"]

1. e4 e5 2. Nf3 Nc6 3. Bb5 Nf6 4. O-O Nxe4 5. d4 Nd6 6. dxe5 Nxb5 7. a4 Nbd4 8. Nxd4 Nxd4 9. Qxd4 d5 10. exd6 Qxd6 11. Qc4 Be6 12. Qb5+ Qc6 13. Qxc6+ bxc6 14. Be3 Bd6 15. Nd2 O-O 16. Ne4 Be5 17. c3 Bf5 1/2-1/2

[Event "NRW-Liga 9798"]
[Site "Germany"]
[Date "1998.??.??"]
[Round "8.1"]
[White "Morawietz, Dieter"]
[Black "Dumitrache, Dragos"]
[Result "0-1"]
[WhiteElo "2445"]
[BlackElo "2385"]
[PlyCount "66"]
[EventDate "1997.10.??"]
[Source "www.chesslib.no"]
[SourceDate "2004.05.04"]

1. e4 e5 2. Nf3 Nc6 3. Bb5 Nf6 4. O-O Nxe4 5. d4 Nd6 6. dxe5 Nxb5 7. a4 Nbd4 8. Nxd4 Nxd4 9. Qxd4 d5 10. Nc3 c6 11. a5 Bf5 12. Be3 Bxc2 13. Rfc1 Bb3 14. Nb1 Bc4 15. b3 Ba6 16. Nc3 Be7 17. Qg4 g6 18. Bh6 d4 19. Rd1 c5 20. Ne4 Qd7 21. Qf4 Qf5 22. Qxf5 gxf5 23. Ng3 Rg8 24. Nxf5 Rg6 25. Rd2 Rxh6 26. Nxh6 Bg5 27. Rc2 Bxh6 28. Rxc5 Be2 29. e6 d3 30. exf7+ Kf8 31. a6 bxa6 32. Rxa6 d2 33. h4 Bg7 0-1

[Event "Lone Pine op"]
[Site "Lone Pine"]
[Date "1979.??.??"]
[Round "4"]
[White "Rigo, Janos"]
[Black "Bisguier, Arthur Bernard"]
[Result "1/2-1/2"]
[WhiteElo "2385"]
[BlackElo "2445"]
[PlyCount "118"]
[EventDate "1979.03.??"]
[Source "ChessBase"]

1. e4 e5 2. Nf3 Nc6 3. Bb5 Nf6 4. O-O Nxe4 5. d4 Nd6 6. dxe5 Nxb5 7. a4 Nbd4 8. Nxd4 Nxd4 9. Qxd4 d5 10. exd6 Qxd6 11. Re1+ Be6 12. Qe4 Qb4 13. Qe2 Bd6 14. Nc3 O-O 15. Ne4 Bc4 16. c3 Bxe2 17. cxb4 Bg4 18. Nxd6 cxd6 19. Bf4 Rad8 20. Re7 Bc8 21. Rd1 d5 22. Be3 a6 23. Bc5 Bd7 24. b5 axb5 25. Bb6 Bg4 26. f3 Rd7 27. Bc5 Rxe7 28. Bxe7 Re8 29. fxg4 Rxe7 30. Rxd5 h5 31. Rxb5 hxg4 32. Kf2 g6 33. Kg3 Kg7 34. Kxg4 Re4+ 35. Kf3 Rxa4 36. Rxb7 Rh4 37. h3 Rc4 38. g3 g5 39. b3 Rc3+ 40. Kg4 Kg6 41. Rb6+ f6 42. h4 gxh4 43. Kxh4 Rd3 44. b4 Rd4+ 45. Kh3 Kg5 46. Rb8 Rc4 47. b5 Rb4 48. b6 Kg6 49. Kg2 Rb3 50. Kf2 Kh7 51. g4 Rb4 52. Ke3 Rxg4 53. Rf8 Rb4 54. Rxf6 Kg7 55. Rc6 Kf7 56. Kd3 Ke7 57. Kc3 Rb1 58. Kc4 Kd7 59. Rh6 Kc8 1/2-1/2

[Event "TCh-BEL 2007-8"]
[Site "Belgium BEL"]
[Date "2008.01.06"]
[Round "6"]
[White "Decoster, F."]
[Black "Levin, F."]
[Result "1-0"]
[WhiteElo "2261"]
[BlackElo "2563"]
[PlyCount "41"]
[EventDate "2008.01.06"]
[Source "www.chesslib.no"]
[SourceDate "2004.05.04"]

1. e4 e5 2. Nf3 Nc6 3. Bb5 Nf6 4. O-O Nxe4 5. d4 Nd6 6. dxe5 Nxb5 7. a4 Nbd4 8. Nxd4 Nxd4 9. Qxd4 d5 10. exd6 Qxd6 11. Qc4 c6 12. Nc3 Be6 13. Re1 Be7 14. Ne4 Qe5 15. Qe2 Rd8 16. Bd2 O-O 17. Bc3 Qf5 18. Ng3 Qg5 19. Nh5 g6 20. Ng3 Qh4 21. Qe5 1-0

[Event "White Nights"]
[Site "St Petersburg"]
[Date "2003.??.??"]
[Round "9"]
[White "Solovjov, Sergey I"]
[Black "Smirnov, Artem"]
[Result "0-1"]
[WhiteElo "2455"]
[BlackElo "2365"]
[PlyCount "82"]
[EventDate "2003.06.29"]
[Source "Roberto Alvarez"]
[SourceDate "2003.07.14"]

1. e4 e5 2. Nf3 Nc6 3. Bb5 Nf6 4. O-O Nxe4 5. d4 Nd6 6. dxe5 Nxb5 7. a4 Nbd4 8. Nxd4 Nxd4 9. Qxd4 d5 10. Nc3 c6 11. a5 Be7 12. Be3 O-O 13. f4 f6 14. b4 Bf5 15. Rf2 Qe8 16. b5 a6 17. bxc6 bxc6 18. Na4 Qg6 19. Qd2 fxe5 20. fxe5 Be4 21. Raf1 Rxf2 22. Rxf2 Rb8 23. Nb6 Rf8 24. Rxf8+ Bxf8 25. Nd7 Bb4 26. Qf2 Qg4 27. Bc5 Qd1+ 28. Qf1 Qxf1+ 29. Kxf1 Bxa5 30. Nb8 Bc7 31. Nxc6 Kf7 32. c3 Bd3+ 33. Kf2 Bb5 34. e6+ Kxe6 35. Nd4+ Kd7 36. Nxb5 axb5 37. h4 Be5 38. Bb4 h5 39. Kf3 Ke6 40. g4 g6 41. Ba5 Bf6 0-1

[Event "FRA-ch qual"]
[Site "Bescanon"]
[Date "1999.08.26"]
[Round "9"]
[White "Fontaine, Robert"]
[Black "Marcelin, Cyril"]
[Result "1/2-1/2"]
[WhiteElo "2408"]
[BlackElo "2395"]
[PlyCount "60"]
[EventDate "1999.08.18"]
[Source "www.chesslib.no"]
[SourceDate "2004.05.04"]

1. e4 e5 2. Nf3 Nc6 3. Bb5 Nf6 4. O-O Nxe4 5. d4 Nd6 6. dxe5 Nxb5 7. a4 Nbd4 8. Nxd4 Nxd4 9. Qxd4 d5 10. Nc3 c6 11. a5 Be6 12. f4 Qc8 13. Qf2 g6 14. b3 Bb4 15. Bd2 Be7 16. h3 O-O 17. Be3 f6 18. Bd4 Qc7 19. exf6 Bxf6 20. Rae1 Bxd4 21. Qxd4 Bf5 22. Rf2 Qxa5 23. g4 Be4 24. b4 Qb6 25. Qxb6 axb6 26. Nxe4 dxe4 27. Rxe4 Rfe8 28. Rxe8+ Rxe8 29. Kg2 Re4 30. c3 Rc4 1/2-1/2

[Event "Schoeneck Open"]
[Site "Schoeneck"]
[Date "1988.??.??"]
[Round "2"]
[White "Werner, Dimo"]
[Black "Brunner, Lucas"]
[Result "1/2-1/2"]
[WhiteElo "2380"]
[BlackElo "2415"]
[PlyCount "27"]
[EventDate "1988.??.??"]
[Source "www.chesslib.no"]
[SourceDate "2004.05.04"]

1. e4 e5 2. Nf3 Nc6 3. Bb5 Nf6 4. O-O Nxe4 5. d4 Nd6 6. dxe5 Nxb5 7. a4 d6 8. e6 Bxe6 9. axb5 Ne5 10. Nd4 Bd7 11. f4 Ng6 12. Nc3 Be7 13. Nd5 c6 14. bxc6 1/2-1/2

[Event "Mind Sports Games - Rapid Team"]
[Site "Pechino CINA"]
[Date "2008.10.15"]
[Round "5"]
[White "Byambaa, Z."]
[Black "Moradiabadi, E."]
[Result "0-1"]
[WhiteElo "2272"]
[BlackElo "2499"]
[PlyCount "78"]
[EventDate "2008.10.14"]
[Source "www.chesslib.no"]
[SourceDate "2004.05.04"]

1. e4 e5 2. Nf3 Nc6 3. Bb5 Nf6 4. O-O Nxe4 5. d4 Nd6 6. dxe5 Nxb5 7. a4 d6 8. axb5 Nxe5 9. Nxe5 dxe5 10. Qxd8+ Kxd8 11. Rd1+ Bd7 12. Nc3 b6 13. f4 Bc5+ 14. Kh1 Re8 15. fxe5 Kc8 16. Bf4 Bf5 17. Rd2 Kb7 18. Rad1 a6 19. h3 axb5 20. Nxb5 Ra4 21. Nd4 Bxc2 22. Rxc2 Rxd4 23. Rxd4 Bxd4 24. e6 c5 25. exf7 Rf8 26. Bd2 Rxf7 27. Bc3 Bxc3 28. Rxc3 Rf1+ 29. Kh2 Kc6 30. Re3 Rf7 31. Kg3 b5 32. Kg4 Kd5 33. g3 c4 34. h4 b4 35. h5 Rc7 36. Kf5 c3 37. bxc3 bxc3 38. Re1 c2 39. Rc1 Kd4 0-1

[Event "Mislata op 5th"]
[Site "Mislata"]
[Date "1996.??.??"]
[Round "3"]
[White "Oms Pallise, Josep"]
[Black "Eslon, Jaan"]
[Result "1-0"]
[WhiteElo "2395"]
[BlackElo "2375"]
[PlyCount "91"]
[EventDate "1996.08.??"]
[Source "www.chesslib.no"]
[SourceDate "2004.05.04"]

1. e4 e5 2. Nf3 Nc6 3. Bb5 Nf6 4. O-O Nxe4 5. d4 Nd6 6. dxe5 Nxb5 7. a4 Nbd4 8. Nxd4 Nxd4 9. Qxd4 d5 10. Nc3 c6 11. a5 Bf5 12. f4 Be7 13. Qf2 d4 14. Ne2 c5 15. b4 Bxc2 16. bxc5 d3 17. Ng3 Bh4 18. c6 bxc6 19. Ba3 Qd5 20. Bd6 f5 21. exf6 Bxf6 22. Qe3+ Kf7 23. Be5 d2 24. Qe2 Rhd8 25. Qh5+ Kg8 26. Nf5 Bxf5 27. Qxf5 Bxe5 28. Qxe5 c5 29. Rfd1 c4 30. Ra3 Rac8 31. Rc3 Qf7 32. Qe3 Qh5 33. Rxd2 Rxd2 34. Qe6+ Qf7 35. Qxc8+ Qf8 36. Qxc4+ Kh8 37. h3 h6 38. Qe4 Rd8 39. Rc7 Qd6 40. Qe5 Qxe5 41. fxe5 Re8 42. Rc5 Kh7 43. Kf2 Kg6 44. Kf3 Kf5 45. g4+ Kg5 46. Ke4 1-0

[Event "It (open)"]
[Site "Ceska Trebova (Czech Republic"]
[Date "2007.08.13"]
[Round "5"]
[White "Heberla Bartlomiej (POL)"]
[Black "Grandelius N"]
[Result "1-0"]
[WhiteElo "2484"]
[BlackElo "2271"]
[PlyCount "69"]
[EventDate "2007.??.??"]
[Source "www.chesslib.no"]
[SourceDate "2004.05.04"]

1. e4 e5 2. Nf3 Nc6 3. Bb5 Nf6 4. O-O Nxe4 5. d4 Nd6 6. dxe5 Nxb5 7. a4 Nbd4 8. Nxd4 Nxd4 9. Qxd4 d6 10. Rd1 Be6 11. Nc3 f6 12. exf6 Qxf6 13. Qb4 Be7 14. Qxb7 O-O 15. Be3 Rab8 16. Qxc7 Rxb2 17. Ne4 Qf7 18. Nxd6 Bxd6 19. Qxf7+ Kxf7 20. Rxd6 Rxc2 21. Bxa7 Ra8 22. Be3 Ra2 23. Rxa2 Bxa2 24. Rd7+ Kg6 25. Ra7 Be6 26. Re7 Bf7 27. Rc7 Be6 28. h3 Rf8 29. Bd4 Rf7 30. Rc6 Re7 31. a5 Kf7 32. a6 Bd5 33. Rd6 Ba8 34. Rd8 Re8 35. Rxe8 1-0

[Event "Arab-ch 4th"]
[Site "Beirut"]
[Date "2000.08.08"]
[Round "4"]
[White "Eid, Fadi"]
[Black "Rizouk, Aimen"]
[Result "1/2-1/2"]
[WhiteElo "2390"]
[BlackElo "2350"]
[PlyCount "28"]
[EventDate "2000.08.05"]
[Source "ChessBase"]
[SourceDate "2000.09.14"]

1. e4 e5 2. Nf3 Nc6 3. Bb5 Nf6 4. O-O Nxe4 5. d4 Nd6 6. dxe5 Nxb5 7. a4 Nbd4 8. Nxd4 Nxd4 9. Qxd4 d5 10. Nc3 c6 11. a5 Bf5 12. f4 Qd7 13. Rf2 h5 14. Na4 h4 1/2-1/2

[Event "Olomouc Ave Kontakt Cup"]
[Site "Olomouc"]
[Date "2002.??.??"]
[Round "11"]
[White "Krejci, Jakub"]
[Black "Plachetka, Jan"]
[Result "1/2-1/2"]
[WhiteElo "2286"]
[BlackElo "2439"]
[PlyCount "53"]
[EventDate "2002.08.??"]
[Source "ChessBase"]
[SourceDate "2002.09.11"]

1. e4 e5 2. Nf3 Nc6 3. Bb5 Nf6 4. O-O Nxe4 5. d4 Nd6 6. dxe5 Nxb5 7. a4 d6 8. e6 Bxe6 9. axb5 Ne5 10. Nd4 Bd7 11. f4 Ng6 12. Nc3 c5 13. bxc6 bxc6 14. f5 Ne5 15. f6 gxf6 16. Ne4 Be7 17. Bh6 Rg8 18. Ng3 Qb6 19. Kh1 Rg6 20. Ndf5 Ng4 21. Qe2 Be6 22. Bf4 Ne5 23. b3 Qb5 24. Qd2 Qd5 25. Qe2 Qb5 26. Qd2 Qd5 27. Qe2 1/2-1/2

[Event "Montpellier op-A"]
[Site "?"]
[Date "2001.??.??"]
[Round "3.7"]
[White "Paci Cedric"]
[Black "Rizouk Aimen"]
[Result "0-1"]
[WhiteElo "2275"]
[BlackElo "2442"]
[PlyCount "80"]
[EventDate "2001.??.??"]
[Source "www.chesslib.no"]
[SourceDate "2004.05.04"]

1. e4 e5 2. Nf3 Nc6 3. Bb5 Nf6 4. O-O Nxe4 5. d4 Nd6 6. dxe5 Nxb5 7. a4 Ncd4 8. Nxd4 Nxd4 9. Qxd4 d5 10. Nc3 c6 11. Ne2 Bf5 12. Ng3 Bxc2 13. Qc3 Be4 14. f3 d4 15. Qd2 Bd5 16. Qxd4 Qb6 17. Be3 Qxd4 18. Bxd4 Bb4 19. Nh5 O-O 20. f4 Rfd8 21. Bf2 Bc4 22. Rfc1 Bb3 23. a5 Bd2 24. Rc5 Rac8 25. e6 Bxe6 26. Rg5 g6 27. Bxa7 Kh8 28. Bb6 gxh5 29. Bxd8 Be3+ 30. Kf1 Rxd8 31. g3 Rd2 32. Ra3 Bd4 33. Ke1 Rxh2 34. a6 bxa6 35. f5 Bd5 36. Rxa6 h6 37. Ra8+ Kh7 38. Rgg8 Bxb2 39. g4 hxg4 40. Rxg4 Rh5 0-1

[Event "I Open"]
[Site "La Laguna SPA"]
[Date "2007.03.10"]
[Round "7"]
[White "Gaponenko, I."]
[Black "Martin Luis, C."]
[Result "1-0"]
[WhiteElo "2450"]
[BlackElo "2252"]
[PlyCount "33"]
[EventDate "2007.03.05"]
[Source "www.chesslib.no"]
[SourceDate "2004.05.04"]

1. e4 e5 2. Nf3 Nc6 3. Bb5 Nf6 4. O-O Nxe4 5. d4 Nd6 6. dxe5 Nxb5 7. a4 Nd6 8. Bg5 f6 9. Re1 fxg5 10. exd6+ Kf7 11. Qd5+ Kg6 12. h4 h6 13. hxg5 hxg5 14. Qe4+ Kh6 15. Ra3 g6 16. Ne5 Nxe5 17. Qxe5 1-0

[Event "Capablanca mem mixed"]
[Site "Cienfuegos"]
[Date "1997.??.??"]
[Round "9"]
[White "Larduet, Carlos"]
[Black "De Asis Dirceu, Viana Jr"]
[Result "1/2-1/2"]
[WhiteElo "2310"]
[BlackElo "2380"]
[PlyCount "87"]
[EventDate "1997.??.??"]
[Source "www.chesslib.no"]
[SourceDate "2004.05.04"]

1. e4 e5 2. Nf3 Nc6 3. Bb5 Nf6 4. O-O Nxe4 5. d4 Nd6 6. dxe5 Nxb5 7. a4 d6 8. axb5 Nxe5 9. Re1 Be7 10. Nxe5 dxe5 11. Qxd8+ Bxd8 12. Rxe5+ Be6 13. Bg5 O-O 14. Nc3 h6 15. Bxd8 Rfxd8 16. f3 Rd2 17. Re2 Rxe2 18. Nxe2 Bc4 19. Nc3 a5 20. Rd1 Kf8 21. Rd7 Rc8 22. Kf2 Be6 23. Rd4 b6 24. g4 c6 25. bxc6 Rxc6 26. Rd2 f5 27. h3 Ke7 28. Ne2 fxg4 29. hxg4 Rd6 30. Nd4 Bd7 31. Ke3 b5 32. Rd1 b4 33. b3 Ra6 34. Kd3 Kf6 35. Re1 g6 36. Re4 h5 37. Rf4+ Kg5 38. Rf7 Be6 39. Nxe6+ Rxe6 40. Ra7 Re5 41. Kd4 Rb5 42. Kc4 Re5 43. Kd4 Rb5 44. Kc4 1/2-1/2

[Event "Pula tt2"]
[Site "Pula CRO"]
[Date "1990.??.??"]
[Round "9"]
[White "Filipovic, Branko"]
[Black "Brglez, Rado"]
[Result "1/2-1/2"]
[WhiteElo "2445"]
[BlackElo "2235"]
[PlyCount "84"]
[EventDate "1990.??.??"]
[Source "www.chesslib.no"]
[SourceDate "2004.05.04"]

1. e4 e5 2. Nf3 Nc6 3. Bb5 Nf6 4. O-O Nxe4 5. d4 Nd6 6. dxe5 Nxb5 7. a4 Nbd4 8. Nxd4 Nxd4 9. Qxd4 d5 10. Nc3 c6 11. Ne2 Be7 12. Ng3 O-O 13. Re1 Be6 14. b3 c5 15. Qd3 Qd7 16. Bb2 d4 17. f4 f5 18. exf6 Bxf6 19. f5 Bd5 20. c4 dxc3 21. Bxc3 Rad8 22. Bxf6 Rxf6 23. Rad1 Rd6 24. Re5 Qc6 25. Qc3 Bf7 26. Rxd6 Qxd6 27. Qxc5 Qd1+ 28. Nf1 Qxb3 29. Qxa7 Bc4 30. Re1 Bxf1 31. Rxf1 Rd1 32. h3 Rxf1+ 33. Kxf1 Qb1+ 34. Ke2 Qe4+ 35. Kf2 Qxf5+ 36. Kg1 Qd5 37. Qb8+ Kf7 38. Qc7+ Kf8 39. a5 h6 40. Kh2 Qe4 41. Kg3 Qe3+ 42. Kh2 Qe4 1/2-1/2